Logo biblioteca
Santa Fe 2917, Rosario, Santa Fe
Lu-Vi 8 a 19.45
+54-341-4232362
bibliotecaeudoro@gmail.com
Facebook Biblioteca Pedagógica
Sitio web

Las ciencias "en problemas": propuestas de enseñanza para aulas heterogéneas / (Registro nro. 32684)

Detalles MARC
000 -CABECERA
campo fijo de control de longitud 01932nab a2200349 4500
003 - IDENTIFICADOR DEL NÚMERO DE CONTROL
campo de control AR-RoBPED
005 - FECHA Y HORADE LA ULTIMA TRANSACCION
campo de control 20260504095826.0
008 - ELEMENTOS DE LONGITUD FIJA--INFORMACION GENERAL
campo fijo de control de longitud 260504b |||||||| |||| 00| 0 spa d
040 ## - FUENTE CATALOGADORA
Centro catalogador/agencia de origen AR-RoBPED
041 ## - IDIOMA
Código de idioma para texto/pista de sonido o título independiente spa
100 1# - ENCABEZAMIENTO PRINCIPAL--AUTOR PERSONAL
Nombre de persona Gómez Chamorro, José Luis
9 (RLIN) 29734
Función Magíster en Educación. Profesor y licenciado en Historia
245 1# - TITULO
Título Las ciencias "en problemas": propuestas de enseñanza para aulas heterogéneas /
260 ## - PUBLICACION
Lugar Buenos Aires :
Editor Noveduc,
Fecha 2023
300 ## - DESCRIPCION FISICA
Extensión 51-55 p.
500 ## - NOTA GENERAL
Nota general Se comparte una experiencia didáctica en la que, a partir de una propuesta de formación permanente para docentes de Educación Primaria llevada a cabo en Esquel(Chubut), se busca articular el abordaje de las Ciencias Naturales y Ciencias Sociales tranversalizadas por la Educación Ambiental Integral y la Educación Sexual Integral, utilizando el enfoque de Aprendizaje Basado en Problemas; con el objetivo de facilitar la elaboración de propuestas contextualizadas de enseñanza para aulas heterogéneas.
650 #7 - TERMINO DE MATERIA--CONTROLADO
Término controlado EXPERIENCIA PEDAGOGICA
9 (RLIN) 3265
Término controlado PRACTICAS PEDAGOGICAS
9 (RLIN) 20430
Término controlado AULAS
9 (RLIN) 10921
Término controlado EDUCACION AMBIENTAL
9 (RLIN) 11
Término controlado EDUCACION SEXUAL INTEGRAL
9 (RLIN) 19404
Término controlado CIENCIAS NATURALES
9 (RLIN) 535
Término controlado CIENCIAS SOCIALES
9 (RLIN) 571
Término controlado ENSEÑANZA
9 (RLIN) 342
Término controlado FORMACION DE DOCENTES
9 (RLIN) 1259
Término controlado EDUCACION PRIMARIA
9 (RLIN) 17799
700 1# - ENCABEZAMIENTO SECUNDARIO--AUTOR PERSONAL
Nombre de persona González, Fabiana
9 (RLIN) 27790
Función Docente de Nivel Primario y profesora de Biología
Nombre de persona Quinteros, Claudia P.
9 (RLIN) 29735
Función Magíster en Doctora, licenciada y profesora de Biologia
Nombre de persona Angiorama, Ximena
9 (RLIN) 29619
Función Docente De Nivel Primario y profesora de Ciencias Sociales
773 0# - DOCUMENTO FUENTE
Host Biblionumber 20414
Host Itemnumber 40098
Place, publisher, and date of publication Buenos Aires : Noveduc, 1993-
Título Novedades Educativas
Record control number (AR-RoBPED)20414
International Standard Serial Number 03283534
942 ## - ELEMENTOS KOHA
Fuente de clasificación Universal Decimal Classification
Koha tipo de ítem Revistas
Clasificación 37(05)
Signatura librística Nov 86 N° 393 (Dic.2023)
Número Koha k.32684
945 ## - PROCESAMIENTO DE LA INFORMACIÓN LOCAL
Catalogador y fecha mar 05/2026

No hay ítems disponibles.